00582 2200217 4500001002100000005001700021008004100038020002200079035002400101040001200125082000800137090001800145100002100163245006700184250001000251260003000261300001900291650002000310850001200330990002200342YOGYA-0212000000026020120216181529.0 ind  a978-602-978-975-1 0010-021200000000260 aYOPDYOG a813 aDEP 813 Khu K aKhusnul Khotimah aKupu-kupu biru /cKhusnul Khotimah; editor AL- Nissa Muchsinun aCet.1 ayogyakartabLAksanac2011 a374 hlmb20 cm aFiksi Indonesia aYOPDYOG aCB.D.11.2011-1950